000 00598nam a2200241Ia 4500
001 20756
005 20240114000529.0
007 ta
008 060225s1954 a g b000 u 465 u
040 _aCotton College,Assam
041 _a465
082 _a531.3
_bG 346 D
100 _aGhosh, P. K. .
245 0 _aDynamics /
_cP. K. Ghosh.
_hTextual Documents
250 _a1st ed. /
260 _aDelhi :
_bS. Chand & Company ,
_c1954.
300 _a217p. :
_bill ;
_c22 cm .
653 _aDynamics
942 _2ddc
_cBK
999 _c20738
_d20738